000 00653nam a2200157 4500
999 _c16358
_d16358
008 220118b ||||| |||| 00| 0 eng d
022 _a0893-8989
082 _aDPer 363.205 P75 Sept 2013-May 2016 v. 37 & 40, n. 9-11/1-5
100 _aClark, Mark W.
_943803
245 _aWhen your agency faces a potential crisis over an in-custody death, its PIO becomes a public relations daredevil/
_cMark W. Clark.
260 _aCalifornia:
_bBobit Business Media,
_c©Sept 2013-May 2016.
300 _av37 n9, pages 30-33;
_billustrations;
_c27 cm.
500 _aPolice: the law enforcement magazine.
650 _aPolice
_xOperation.
_943804
942 _2ddc
_cPER